Most Valuable Australian Sports Teams - Statistics

General Stats
  • This quiz has been taken 120 times
    47 since last reset
  • The average score is 11 of 14
Answer Stats
Value League Answer % Correct
$120m NRL Brisbane Broncos
92%
$127m AFL Collingwood Magpies
92%
$116m AFL Brisbane Lions
86%
$96m NRL Melbourne Storm
86%
$108m AFL Richmond Tigers
86%
$129m NRL Penrith Panthers
81%
$88m AFL Adelaide Crows
78%
$115m AFL Sydney Swans
78%
$88m NRL Sydney Roosters
73%
$99m AFL Carlton Blues
68%
$98m AFL Geelong Cats
68%
$92m NRL Canterbury-Bankstown Bulldogs
65%
$81m AFL Hawthorn Hawks
65%
$98m NRL Parramatta Eels
57%
No matching quizzes found
Score Distribution
Percent of People with Each Score
Percentile by Number Answered
Your Score History
You have not taken this quiz since the last reset